00330pab a2200133 454500008004000000100001900040245003300059260000900092300001300101362000800114650003200122650002400154773001800178180718b2014 xxu||||| |||| 00| 0 eng d aBiswal, Subrat aDisaster management in India c2014 ap.43-46. aSep aDisaster prevention - India aDisaster prevention aThird Concept